[Event "13sen.WMH 2003 Senioren"]
[Site "Bad Zwischenahn(17.11.-29.11.2003)"]
[Date "2003.11.29"]
[Round "2.28"]
[White "Schober, Manfred"]
[Black "Zoltek, Tadeuz"]
[Result "1/2-1/2"]
[WhiteElo "1837"]
[BlackElo "2294"]
[PlyCount "80"]


1. Nf3 d5 2. c4 e6 3. g3 Nf6 4. Bg2 Be7 5. O-O O-O 6. d4 c6 7. Nc3 b6 8. cxd5
exd5 9. Qc2 Bb7 10. Bg5 Nbd7 11. Rac1 Re8 12. Rfd1 Ne4 13. Bxe7 Qxe7 14. e3
Nxc3 15. Qxc3 c5 16. dxc5 bxc5 17. Qb3 Nb6 18. Nh4 Rad8 19. Qb5 Rc8 20. a4 Red8
21. a5 Nc4 22. Nf5 Qc7 23. Rxc4 dxc4 24. Rxd8+ Rxd8 25. Bxb7 Qe5 26. Nd4 Qe7
27. Nf3 g5 28. h3 h5 29. a6 g4 30. hxg4 hxg4 31. Nh4 Rd1+ 32. Kg2 Rc1 33. Qc6
Qd8 34. Qe4 Qd1 35. Qe8+ Kg7 36. Qe5+ Kg8 37. Qg5+ Kh8 38. Qh6+ Kg8 39. Qg5+
Kh8 40. Qf6+ Kg8 1/2-1/2

[Event "13sen.WMH 2003 Senioren"]
[Site "Bad Zwischenahn(17.11.-29.11.2003)"]
[Date "2003.11.29"]
[Round "2.29"]
[White "Ljubarskij, Jurij"]
[Black "Lotsov Har-Zahav, Avraham"]
[Result "1-0"]
[WhiteElo "2212"]
[BlackElo "2034"]
[PlyCount "53"]


1. e4 c5 2. Nc3 Nc6 3. f4 g6 4. Nf3 Bg7 5. Bb5 Nd4 6. Nxd4 cxd4 7. Ne2 e6 8. c3
a6 9. Bd3 dxc3 10. dxc3 d5 11. Be3 Ne7 12. O-O Bd7 13. exd5 Nxd5 14. Bf2 Qc7
15. Qd2 O-O 16. Bd4 e5 17. fxe5 Bxe5 18. Be4 Bc6 19. Qh6 f5 20. Bd3 Nf6 21.
Bxf5 gxf5 22. Rxf5 Bxd4+ 23. Nxd4 Ne4 24. Ne6 Qb6+ 25. Kh1 Rf7 26. Raf1 Qxb2
27. Qg7+ 1-0

[Event "13sen.WMH 2003 Senioren"]
[Site "Bad Zwischenahn(17.11.-29.11.2003)"]
[Date "2003.11.29"]
[Round "2.30"]
[White "Juergens, Peter"]
[Black "Semasev, Kim"]
[Result "0-1"]
[WhiteElo "1835"]
[BlackElo "2269"]
[PlyCount "90"]


1. d4 Nf6 2. Nf3 g6 3. Bf4 Bg7 4. e3 O-O 5. h3 d6 6. Be2 c5 7. c3 Qb6 8. Qb3
Qxb3 9. axb3 Nd5 10. Bg3 cxd4 11. exd4 Nc6 12. O-O e5 13. dxe5 dxe5 14. Bb5 e4
15. Bxc6 bxc6 16. Nd4 Bd7 17. Bd6 Rfe8 18. Bc5 a6 19. Na3 Reb8 20. b4 a5 21.
bxa5 Rxa5 22. Bd6 Rba8 23. Nb3 R5a7 24. Nc2 Bf8 25. Bxf8 Kxf8 26. Nc5 Rxa1 27.
Rxa1 Rxa1+ 28. Nxa1 Nf6 29. Kf1 Ke7 30. Ke2 Kd6 31. Nxd7 Nxd7 32. Ke3 Ke5 33.
Nb3 f5 34. g3 g5 35. Nd4 f4+ 36. gxf4+ gxf4+ 37. Kd2 c5 38. Ne2 c4 39. Nd4 Nc5
40. Nc6+ Kd6 41. Nb4 Nd3 42. Nxd3 exd3 43. b4 cxb3 44. Kxd3 Kc5 45. f3 Kb5 0-1

[Event "13sen.WMH 2003 Senioren"]
[Site "Bad Zwischenahn(17.11.-29.11.2003)"]
[Date "2003.11.29"]
[Round "2.31"]
[White "Mayers_Lorien, Dan E."]
[Black "Opl, Klaus,Dr."]
[Result "0-1"]
[WhiteElo "1997"]
[BlackElo "2258"]
[PlyCount "114"]


1. e4 e5 2. f4 exf4 3. Bc4 Nf6 4. Nc3 c6 5. d4 d5 6. exd5 cxd5 7. Bb5+ Nc6 8.
Bxf4 Bb4 9. Nf3 O-O 10. O-O Bg4 11. h3 Bxf3 12. Rxf3 Qb6 13. Bxc6 bxc6 14. a3
Bxc3 15. Rxc3 Rfe8 16. Rb3 Qd8 17. Bg5 h6 18. Bxf6 Qxf6 19. Rf3 Qh4 20. Qd2 Re4
21. c3 Rae8 22. Qf2 Qe7 23. Rb1 Re2 24. Qg3 Qe4 25. Rbf1 Re6 26. R3f2 Qc2 27.
Rxe2 Rxe2 28. Qf3 f6 29. Rf2 Qc1+ 30. Kh2 Rxb2 31. Rxb2 Qxb2 32. Qf5 Qb8+ 33.
Kg1 Qe8 34. Kh2 Kf7 35. Qf4 Ke7 36. Qg4 Qf7 37. Qc8 Qe6 38. Qh8 Kf7 39. Qb8 Qd7
40. Qf4 Ke7 41. Kh1 h5 42. Qf3 g6 43. Qg3 g5 44. Qe1+ Kf7 45. Qb1 Kg7 46. Qe1
h4 47. Qe2 Kg6 48. Qd3+ Kh6 49. Qe3 Kg7 50. Qe2 Kf8 51. Qe3 Qe7 52. Qd3 Qxa3
53. Qf5 Qc1+ 54. Kh2 Qf4+ 55. Qxf4 gxf4 56. Kg1 a5 57. Kf1 a4 0-1

[Event "13sen.WMH 2003 Senioren"]
[Site "Bad Zwischenahn(17.11.-29.11.2003)"]
[Date "2003.11.29"]
[Round "2.32"]
[White "Dornieden, Manfred,Prof.Dr."]
[Black "Frauenfelder, Rudolf"]
[Result "1-0"]
[WhiteElo "2202"]
[BlackElo "1926"]
[PlyCount "93"]


1. c4 c5 2. g3 g6 3. Nf3 Bg7 4. Bg2 Nc6 5. O-O e5 6. Nc3 Nge7 7. a3 O-O 8. Rb1
a5 9. d3 d6 10. Bd2 f5 11. Qc1 Rb8 12. Bg5 Bf6 13. Bxf6 Rxf6 14. e3 Kg7 15. Qd2
Be6 16. b3 d5 17. cxd5 Nxd5 18. Nxd5 Bxd5 19. Qc3 Qe7 20. Rfe1 b6 21. Nd2 Bxg2
22. Kxg2 Kg8 23. Nc4 Re6 24. Rbc1 Qc7 25. h4 Rbe8 26. Nd2 Qf7 27. Nf3 h6 28.
Qc4 Rd6 29. Qb5 Qb7 30. Rxc5 Red8 31. Rec1 e4 32. Rxc6 exf3+ 33. Kh2 Qg7 34.
Rc7 Qb2 35. R1c2 Qf6 36. Qc4+ Qe6 37. Qf4 g5 38. hxg5 hxg5 39. Qxg5+ Qg6 40.
Qxg6+ Rxg6 41. Rc8 Rxc8 42. Rxc8+ Kf7 43. Rc7+ Ke8 44. a4 f4 45. exf4 Re6 46.
g4 Re2 47. Kg3 1-0

[Event "13sen.WMH 2003 Senioren"]
[Site "Bad Zwischenahn(17.11.-29.11.2003)"]
[Date "2003.11.29"]
[Round "2.33"]
[White "Spurga, Josef"]
[Black "Karl, Hans[35SUI]"]
[Result "0-1"]
[WhiteElo "1854"]
[BlackElo "2280"]
[PlyCount "70"]


1. d4 Nf6 2. Nf3 g6 3. c4 Bg7 4. Nc3 O-O 5. e4 d6 6. Be2 Na6 7. O-O c5 8. d5
Nc7 9. Bg5 a6 10. a4 Rb8 11. Rb1 Bg4 12. Nd2 Bd7 13. b4 h6 14. Bh4 cxb4 15.
Rxb4 a5 16. Rb1 Na6 17. f4 Ng4 18. Bxg4 Bxc3 19. Bxd7 Qxd7 20. Be1 Nc5 21. Qc2
Bd4+ 22. Kh1 Qxa4 23. Qxa4 Nxa4 24. Nb3 Bc3 25. Nxa5 Rfc8 26. Rb3 Bxa5 27. Bxa5
Rxc4 28. Rb4 Rbc8 29. e5 b6 30. Rxc4 Rxc4 31. Bd2 Rd4 32. exd6 exd6 33. Bc1
Rxd5 34. g4 f5 35. h3 b5 0-1

[Event "13sen.WMH 2003 Senioren"]
[Site "Bad Zwischenahn(17.11.-29.11.2003)"]
[Date "2003.11.29"]
[Round "2.34"]
[White "Klein, Manfred[40Siegb]"]
[Black "Hirsch, Adolf,jr.[40AUT]"]
[Result "1-0"]
[WhiteElo "2137"]
[BlackElo "2042"]
[PlyCount "75"]


1. e4 e6 2. d4 d5 3. Nd2 a6 4. Ngf3 c5 5. exd5 exd5 6. Be2 Nc6 7. O-O cxd4 8.
Nb3 Nf6 9. Bf4 Be7 10. Nfxd4 O-O 11. Bf3 Be6 12. Re1 Qc8 13. c3 Re8 14. Qd3 Bf8
15. h3 g6 16. Re2 Nxd4 17. Nxd4 Qd7 18. Rae1 Bg7 19. Bg5 Ne4 20. Nxe6 Qxe6 21.
Bxe4 dxe4 22. Qxe4 Qxe4 23. Rxe4 Rxe4 24. Rxe4 h6 25. Be3 b5 26. Bd4 a5 27.
Bxg7 Kxg7 28. Kf1 b4 29. c4 a4 30. Ke2 Rd8 31. c5 Rc8 32. Rc4 Kf6 33. Kd3 Ke5
34. Rxb4 a3 35. Re4+ Kd5 36. b4 Kc6 37. Kc4 Rd8 38. Re7 1-0

[Event "13sen.WMH 2003 Senioren"]
[Site "Bad Zwischenahn(17.11.-29.11.2003)"]
[Date "2003.11.29"]
[Round "2.35"]
[White "Ragsch, Klaus"]
[Black "Joksic, Sinisa"]
[Result "0-1"]
[WhiteElo "1873"]
[BlackElo "2271"]
[PlyCount "68"]


1. e4 c5 2. Nf3 e6 3. d4 cxd4 4. Nxd4 Nf6 5. Nc3 d6 6. Be2 Nbd7 7. O-O Nc5 8.
Bb5+ Bd7 9. Re1 a6 10. Bf1 Be7 11. b4 Na4 12. Nxa4 Bxa4 13. b5 Qc7 14. Qf3 O-O
15. c4 Nd7 16. Be3 Ne5 17. Qg3 Nxc4 18. Bxc4 Qxc4 19. Rac1 Qd3 20. Rc7 Bf6 21.
Nf3 Bxb5 22. Rxb7 Qxe4 23. Bd4 Qf5 24. Qxd6 Rfd8 25. Qb6 Rdc8 26. Rc7 h6 27.
Bxf6 Qxf6 28. Rxc8+ Rxc8 29. h4 Bd3 30. Qb7 Rc2 31. Qa8+ Kh7 32. Qa7 Bg6 33.
Qxa6 Qc3 34. Qb7 Rc1 0-1

[Event "13sen.WMH 2003 Senioren"]
[Site "Bad Zwischenahn(17.11.-29.11.2003)"]
[Date "2003.11.29"]
[Round "2.37"]
[White "Bleher, Walter"]
[Black "Sawadkuhi, Massoud Amir"]
[Result "0-1"]
[WhiteElo "1935"]
[BlackElo "2211"]
[PlyCount "92"]


1. e4 c5 2. Nc3 e6 3. g3 Nc6 4. Bg2 g6 5. d3 Bg7 6. f4 d6 7. Nf3 Nge7 8. O-O
O-O 9. Be3 Nd4 10. Qd2 Bd7 11. Nh4 f5 12. exf5 gxf5 13. Rae1 Rb8 14. Nd1 b5 15.
c3 Ndc6 16. Nf3 b4 17. d4 c4 18. Bf2 Qa5 19. cxb4 Qxb4 20. Qxb4 Nxb4 21. a3 Nd3
22. Re2 Nxf2 23. Rfxf2 Nc6 24. Rd2 Na5 25. Nc3 Rfe8 26. Rfe2 h6 27. Rd1 Nb3 28.
Rc2 Bc6 29. Ne2 Na5 30. Nc3 Kf7 31. Kf2 Bf6 32. Ne1 Bxg2 33. Kxg2 d5 34. Nf3
Nc6 35. Re2 Re7 36. Rdd2 Rb3 37. Kf2 Reb7 38. Na4 Rxf3+ 39. Kxf3 Nxd4+ 40. Rxd4
Bxd4 41. Rd2 Rb3+ 42. Kg2 Bf6 43. Re2 Rb5 44. Nc3 Bxc3 45. bxc3 Rb3 46. Rc2
Rxa3 0-1

[Event "13sen.WMH 2003 Senioren"]
[Site "Bad Zwischenahn(17.11.-29.11.2003)"]
[Date "2003.11.29"]
[Round "2.38"]
[White "Neese, Hans-Joachim"]
[Black "Rodemann, Edmund"]
[Result "1-0"]
[WhiteElo "2132"]
[BlackElo "1801"]
[PlyCount "61"]


1. d4 f5 2. c4 Nf6 3. g3 g6 4. Bg2 Bg7 5. Nc3 O-O 6. Nf3 d6 7. O-O Qe8 8. Qb3
Na6 9. Ng5 c6 10. c5+ d5 11. Bf4 h6 12. Nf3 Nb8 13. h4 Nbd7 14. e3 Kh7 15. Qc2
Ng4 16. b4 e5 17. dxe5 Ndxe5 18. Nd4 Nf6 19. Rab1 Ne4 20. f3 Nxc3 21. Qxc3 Nf7
22. Qd3 Ne5 23. Qc2 a6 24. Rf2 Qe7 25. Bh3 Bd7 26. h5 Qf6 27. hxg6+ Qxg6 28.
Bf1 Rae8 29. Rh2 Rf6 30. Kf2 Nf7 31. Bd3 1-0

[Event "13sen.WMH 2003 Senioren"]
[Site "Bad Zwischenahn(17.11.-29.11.2003)"]
[Date "2003.11.29"]
[Round "2.39"]
[White "Forselv, Edmund"]
[Black "Chehlov, Alexander"]
[Result "0-1"]
[WhiteElo "1840"]
[BlackElo "2246"]
[PlyCount "88"]


1. e4 e5 2. Nf3 Nc6 3. d4 exd4 4. Bc4 Bc5 5. c3 d3 6. b4 Bb6 7. O-O d6 8. Qb3
Qf6 9. a4 a6 10. a5 Ba7 11. Nbd2 Nge7 12. Bxd3 O-O 13. Bb2 Ng6 14. c4 Nce5 15.
Nxe5 Nxe5 16. Be2 Qf4 17. Bc1 Be6 18. Ra3 Nc6 19. Nf3 Qxe4 20. Bd3 Qg4 21. Qb2
Nd4 22. Bxh7+ Kxh7 23. Ng5+ Kg8 24. Re1 Rae8 25. Rg3 Bf5 26. Be3 Qh5 27. Nf3
Nxf3+ 28. gxf3 Bg6 29. Kg2 Bxe3 30. fxe3 Re7 31. b5 Qc5 32. h4 Qe5 33. Qe2 Rfe8
34. Kf2 Qf6 35. Rg4 axb5 36. cxb5 Rxe3 37. Qxe3 Rxe3 38. Rxe3 Qb2+ 39. Re2 Qxb5
40. Rg5 Qd3 41. h5 Bf5 42. h6 Bg6 43. h7+ Kxh7 44. Rg1 f6 0-1

[Event "13sen.WMH 2003 Senioren"]
[Site "Bad Zwischenahn(17.11.-29.11.2003)"]
[Date "2003.11.29"]
[Round "2.40"]
[White "Wagner, Carl[40USA]"]
[Black "Neumann, Horst[38Koblenz]"]
[Result "1-0"]
[WhiteElo "2099"]
[BlackElo "1864"]
[PlyCount "111"]


1. e4 c6 2. Nc3 d5 3. Nf3 d4 4. Ne2 c5 5. c3 Nc6 6. cxd4 cxd4 7. Qa4 Bd7 8.
Nexd4 e5 9. Nxc6 Bxc6 10. Bb5 f6 11. Bxc6+ bxc6 12. Qxc6+ Kf7 13. Qc4+ Kg6 14.
d4 h6 15. dxe5 Rc8 16. Qe2 Bb4+ 17. Kf1 Qc7 18. Bf4 Kh7 19. g3 g5 20. Bd2 Bxd2
21. Qxd2 g4 22. Nh4 Qc4+ 23. Qe2 fxe5 24. Qxc4 Rxc4 25. Kg2 Nf6 26. Rhc1 Rhc8
27. Rxc4 Rxc4 28. Nf5 Rc2 29. Ne3 Rxb2 30. Nc4 Re2 31. Nxe5 h5 32. Nd3 Rd2 33.
e5 Rxd3 34. exf6 Kg6 35. Rc1 Ra3 36. Rc5 Kxf6 37. Rxh5 Rxa2 38. h3 gxh3+ 39.
Rxh3 Re2 40. Rh6+ Kg5 41. Ra6 Re7 42. Ra5+ Kg6 43. f4 Rc7 44. Kf3 Kf6 45. Ra6+
Kg7 46. Kg4 Kh7 47. f5 Rg7+ 48. Kf4 Rb7 49. g4 Kg7 50. Kg5 Kf7 51. Kh6 Kg8 52.
g5 Rb6+ 53. Rxb6 axb6 54. g6 b5 55. g7 b4 56. Kg6 1-0

[Event "13sen.WMH 2003 Senioren"]
[Site "Bad Zwischenahn(17.11.-29.11.2003)"]
[Date "2003.11.29"]
[Round "2.41"]
[White "Trifunovic, Dusan"]
[Black "Tchetchelnitski, Boris"]
[Result "1/2-1/2"]
[WhiteElo "1869"]
[BlackElo "2139"]
[PlyCount "72"]


1. e4 e6 2. d4 d5 3. Nc3 Bb4 4. Bd3 c5 5. a3 Bxc3+ 6. bxc3 dxe4 7. Bxe4 Nf6 8.
Bf3 Qc7 9. Ne2 cxd4 10. cxd4 Bd7 11. Bf4 Qa5+ 12. Qd2 Qxd2+ 13. Kxd2 Bc6 14.
Bxb8 Bxf3 15. Be5 Bxe2 16. Kxe2 Rc8 17. Bxf6 gxf6 18. Kd3 Rg8 19. g3 Rg5 20.
Rhb1 b6 21. a4 Rh5 22. h4 Rf5 23. f4 Rd8 24. Rb5 Rdd5 25. Rxd5 Rxd5 26. c4 Ra5
27. Kc3 Rf5 28. Rb1 Ra5 29. Kb4 Rf5 30. Re1 Kd7 31. Rf1 h5 32. Ra1 Kc6 33. Re1
a6 34. Re3 Kd6 35. Rd3 Kc6 36. Re3 Kd6 1/2-1/2

[Event "13sen.WMH 2003 Senioren"]
[Site "Bad Zwischenahn(17.11.-29.11.2003)"]
[Date "2003.11.29"]
[Round "2.42"]
[White "Wiesner, Werner"]
[Black "Krueger, Erich"]
[Result "1/2-1/2"]
[WhiteElo "2031"]
[BlackElo "2140"]
[PlyCount "75"]


1. e4 c6 2. d4 d5 3. exd5 cxd5 4. c3 Nf6 5. Nf3 Nc6 6. h3 Qc7 7. Bd3 g6 8. Qe2
Bg7 9. O-O O-O 10. Re1 Bf5 11. Nbd2 Bxd3 12. Qxd3 e6 13. Ne5 Nxe5 14. dxe5 Nd7
15. f4 Qb6+ 16. Qe3 Qxe3+ 17. Rxe3 Nc5 18. b3 Rfd8 19. Bb2 Bf8 20. g3 Ne4 21.
Rd3 Bc5+ 22. Kg2 Bb6 23. Ba3 Rac8 24. Nxe4 dxe4 25. Rxd8+ Rxd8 26. Bd6 f5 27.
Kf1 Kf7 28. Ke2 Rc8 29. c4 Bc5 30. Rd1 Ke8 31. Bxc5 Rxc5 32. Rd6 Ke7 33. a4 Rc6
34. Rxc6 bxc6 35. b4 Kd7 36. c5 Kc7 37. b5 Kb7 38. Ke3 1/2-1/2

[Event "13sen.WMH 2003 Senioren"]
[Site "Bad Zwischenahn(17.11.-29.11.2003)"]
[Date "2003.11.29"]
[Round "2.43"]
[White "Ofstad, Per"]
[Black "Josting, Friedel"]
[Result "1/2-1/2"]
[WhiteElo "2180"]
[BlackElo "1866"]
[PlyCount "44"]


1. e4 c5 2. c3 e6 3. d4 d5 4. e5 Nc6 5. Nf3 Bd7 6. Be2 cxd4 7. cxd4 Bb4+ 8. Bd2
Qb6 9. Bxb4 Qxb4+ 10. Qd2 Nge7 11. Qxb4 Nxb4 12. Kd2 O-O 13. Nc3 a6 14. Rac1
Rac8 15. Rhd1 f6 16. Ke1 Nbc6 17. exf6 Rxf6 18. Na4 Rcf8 19. Nc5 Bc8 20. Rc3 h6
21. h3 g5 22. Nd3 Ng6 1/2-1/2

[Event "13sen.WMH 2003 Senioren"]
[Site "Bad Zwischenahn(17.11.-29.11.2003)"]
[Date "2003.11.29"]
[Round "2.44"]
[White "Bodenstein, Joachim"]
[Black "Lentze, Ingo,Dr."]
[Result "0-1"]
[WhiteElo "1862"]
[BlackElo "2072"]
[PlyCount "102"]


1. e4 c5 2. Nf3 d6 3. d4 cxd4 4. Nxd4 Nf6 5. Nc3 a6 6. Bc4 e6 7. Bb3 b5 8. O-O
Be7 9. Qf3 Ra7 10. Be3 Rc7 11. Rfd1 Bd7 12. Qg3 O-O 13. Bh6 Ne8 14. Be3 Bh4 15.
Qg4 Bf6 16. Qe2 Nc6 17. f4 Qb8 18. Qf2 Na5 19. f5 Nc4 20. Bxc4 Rxc4 21. a3 Be5
22. Rf1 Nf6 23. h3 Qb7 24. Rad1 Rxc3 25. bxc3 Nxe4 26. Qf3 exf5 27. Nxf5 Bxf5
28. Qxf5 Ng3 29. Qf3 Qxf3 30. Rxf3 Ne2+ 31. Kf2 Nxc3 32. Rd3 Rc8 33. Kg1 Ne4
34. Bd4 Nc5 35. Rd2 Ne6 36. Bxe5 dxe5 37. Rfd3 g6 38. Rd6 a5 39. Rb6 Nd4 40.
Kf2 Rc3 41. Rd3 Rxc2+ 42. Kg3 Kg7 43. h4 h5 44. Ra6 a4 45. Rb6 Rb2 46. Rxd4
exd4 47. Kf3 Rb3+ 48. Ke4 Rxa3 49. Rxb5 Rg3 50. Kxd4 Rxg2 51. Ke3 Rg4 0-1

[Event "13sen.WMH 2003 Senioren"]
[Site "Bad Zwischenahn(17.11.-29.11.2003)"]
[Date "2003.11.29"]
[Round "2.45"]
[White "Rudnik, Heinz"]
[Black "Zotin, Vladimir"]
[Result "1-0"]
[WhiteElo "1996"]
[BlackElo "1882"]
[PlyCount "109"]


1. e4 e5 2. Nf3 Nc6 3. Bb5 a6 4. Ba4 Nf6 5. d3 b5 6. Bb3 d6 7. c3 Be7 8. O-O
O-O 9. a4 Bd7 10. axb5 axb5 11. Rxa8 Qxa8 12. Na3 Na5 13. Bc2 c5 14. Bg5 Qb7
15. d4 exd4 16. b4 Nc6 17. bxc5 dxc5 18. e5 Nd5 19. Qd3 g6 20. cxd4 Bf5 21. Qd2
Nxd4 22. Nxd4 Bxg5 23. Qxg5 Bxc2 24. Ndxc2 Qa6 25. Rd1 Nc3 26. Rd8 b4 27. e6
Ne2+ 28. Kh1 Qxe6 29. Rxf8+ Kxf8 30. Qxc5+ Kg7 31. Qxb4 h5 32. Qb2+ f6 33. Ne3
Qa6 34. Nac4 Nf4 35. h3 Nd3 36. Qd4 Nxf2+ 37. Kg1 Nxh3+ 38. gxh3 Qc6 39. Nd5
Qe6 40. Qxf6+ Qxf6 41. Nxf6 Kxf6 42. Kf2 g5 43. Ke3 Kf5 44. Nd6+ Ke5 45. Ne4
Kf5 46. Ng3+ Kg6 47. Ke4 h4 48. Nh1 Kf6 49. Nf2 Kg6 50. Ke5 Kh6 51. Kf5 Kh5 52.
Ne4 g4 53. hxg4+ Kh6 54. Kf6 h3 55. g5+ 1-0

[Event "13sen.WMH 2003 Senioren"]
[Site "Bad Zwischenahn(17.11.-29.11.2003)"]
[Date "2003.11.29"]
[Round "2.46"]
[White "Fahnenschmidt, Gerhard,Dr."]
[Black "Thielemann, Joachim"]
[Result "1-0"]
[WhiteElo "2087"]
[BlackElo "1838"]
[PlyCount "79"]


1. d4 Nf6 2. c4 e5 3. dxe5 Ng4 4. e3 Nxe5 5. Nh3 Bb4+ 6. Bd2 Bxd2+ 7. Qxd2 d6
8. Nf4 O-O 9. Nc3 Nbc6 10. Be2 Re8 11. O-O b6 12. Nfd5 Bb7 13. f4 Nd7 14. b4 a5
15. a3 Nf6 16. Bf3 Nxd5 17. Nxd5 Rb8 18. f5 Qg5 19. f6 Ne5 20. fxg7 Nxc4 21.
Qd4 Bxd5 22. Bxd5 Ne5 23. bxa5 bxa5 24. Qa7 Rb5 25. e4 Rc5 26. Kh1 Rc2 27. Rf2
Rc1+ 28. Rf1 Rc2 29. Qg1 Rb8 30. Rf5 Qxg7 31. Raf1 Rbb2 32. Rxf7 Nxf7 33. e5
Rxg2 34. Bxg2 Nxe5 35. Bd5+ Kh8 36. Qa7 h5 37. Qa8+ Kh7 38. Qe8 Kh6 39. Be4 Re2
40. Qe6+ 1-0

[Event "13sen.WMH 2003 Senioren"]
[Site "Bad Zwischenahn(17.11.-29.11.2003)"]
[Date "2003.??.??"]
[Round "2.47"]
[White "Zunker, Reinhard,Dr."]
[Black "Eidelmann, Vova"]
[Result "1-0"]
[WhiteElo "2132"]
[BlackElo "1930"]
[PlyCount "99"]


1. e4 d6 2. d4 g6 3. Nc3 Bg7 4. Be3 Nc6 5. Qd2 e5 6. d5 Nce7 7. O-O-O f5 8. f3
fxe4 9. fxe4 Bg4 10. Nf3 a6 11. Be2 h6 12. Rhf1 Nf6 13. h3 Bxf3 14. Bxf3 Qd7
15. Kb1 O-O-O 16. b3 Kb8 17. Na4 Nc8 18. c4 g5 19. c5 Qb5 20. Qc2 Rhf8 21. Rfe1
Rf7 22. Rc1 dxc5 23. Nxc5 Bf8 24. Ne6 Rdd7 25. Be2 Qa5 26. Nxf8 Rxf8 27. Bc5
Nd6 28. a4 b5 29. Bd3 Rff7 30. Kb2 b4 31. Qd2 Nb7 32. Bxb4 Qb6 33. Rc6 Nxe4 34.
Rxb6 Nxd2 35. Rxb7+ Kxb7 36. Bxd2 Rde7 37. Be4 Kb8 38. Be3 Rf6 39. Bc5 Ref7 40.
Bf3 Rxf3 41. gxf3 Rxf3 42. Re3 Rf2+ 43. Kc3 Rh2 44. Kd3 h5 45. Ke4 g4 46. hxg4
hxg4 47. Kxe5 Rh7 48. Rg3 Rh5+ 49. Ke4 Rg5 50. Be3 1-0

[Event "13sen.WMH 2003 Senioren"]
[Site "Bad Zwischenahn(17.11.-29.11.2003)"]
[Date "2003.11.29"]
[Round "2.48"]
[White "Hellwege, Werner"]
[Black "Delander, Adolf"]
[Result "1/2-1/2"]
[WhiteElo "1887"]
[BlackElo "2006"]
[PlyCount "22"]


1. d4 d5 2. Nf3 Nf6 3. e3 e6 4. Bd3 c5 5. c3 Nc6 6. Nbd2 Be7 7. O-O O-O 8. Qe2
Qc7 9. dxc5 Bxc5 10. e4 Re8 11. e5 Nd7 1/2-1/2

[Event "13sen.WMH 2003 Senioren"]
[Site "Bad Zwischenahn(17.11.-29.11.2003)"]
[Date "2003.11.29"]
[Round "2.49"]
[White "Feldmann, Klaus[39Varel]"]
[Black "Grasmik, Waldemar"]
[Result "1-0"]
[WhiteElo "1829"]
[BlackElo "1506"]
[PlyCount "81"]


1. c4 e6 2. Nc3 a6 3. Nf3 c6 4. d4 d5 5. cxd5 cxd5 6. a3 b5 7. e3 Nd7 8. Bd3 g6
9. O-O Ngf6 10. e4 Bb7 11. Qe2 Be7 12. e5 Ng4 13. h3 h5 14. hxg4 hxg4 15. Nh2
f5 16. exf6 Nxf6 17. Qxe6 Qd6 18. Bxg6+ Kd8 19. Qxd6+ Bxd6 20. g3 Kc7 21. Ne2
Rag8 22. Nf4 Bxf4 23. Bxf4+ Kb6 24. Bd3 Rh5 25. Kg2 Rgh8 26. Rh1 Ne4 27. Nxg4
Bc8 28. Rxh5 Rxh5 29. f3 Rh8 30. Re1 Rg8 31. Bxe4 dxe4 32. Rxe4 Bb7 33. Re6+
Ka7 34. Nf6 Rc8 35. Re2 Rd8 36. d5 Rf8 37. d6 Rxf6 38. d7 Rf8 39. Re8 Bc6 40.
Rxf8 Bxd7 41. Rf7 1-0

[Event "13sen.WMH 2003 Senioren"]
[Site "Bad Zwischenahn(17.11.-29.11.2003)"]
[Date "2003.11.29"]
[Round "2.50"]
[White "Bogorad, Michail"]
[Black "Wulf, Adalbert"]
[Result "1-0"]
[WhiteElo "2063"]
[BlackElo "1800"]
[PlyCount "75"]


1. e4 d5 2. exd5 Nf6 3. Bb5+ Bd7 4. Bc4 Bg4 5. f3 Bf5 6. Nc3 Nbd7 7. g4 Nb6 8.
d3 Bc8 9. Nge2 Nfxd5 10. Nxd5 Nxd5 11. Bb3 e6 12. c4 Qh4+ 13. Kf1 Nb6 14. d4 h5
15. h3 hxg4 16. fxg4 e5 17. Kg2 exd4 18. Nxd4 Bd6 19. Qe1+ Qxe1 20. Rxe1+ Kf8
21. Nb5 Be6 22. Nxd6 cxd6 23. Bf4 Nxc4 24. Rxe6 fxe6 25. Bxc4 d5 26. Bd6+ Kg8
27. Bb3 a6 28. Re1 Kf7 29. Rf1+ Ke8 30. Be5 Rg8 31. Rc1 Rd8 32. h4 Rd7 33. h5
Ke7 34. g5 d4 35. Rd1 d3 36. Rd2 b5 37. Bc3 Rh8 38. h6 1-0

[Event "13sen.WMH 2003 Senioren"]
[Site "Bad Zwischenahn(17.11.-29.11.2003)"]
[Date "2003.11.29"]
[Round "2.51"]
[White "Zeh, Helmut"]
[Black "Werchan, Hans,Dr."]
[Result "1/2-1/2"]
[WhiteElo "1757"]
[BlackElo "2022"]
[PlyCount "67"]


1. e4 c5 2. Nf3 d6 3. d4 cxd4 4. Nxd4 Nf6 5. Nc3 a6 6. f3 e5 7. Nb3 Be6 8. Be3
Nbd7 9. Be2 Be7 10. O-O Qc7 11. Rc1 b5 12. Nd5 Bxd5 13. exd5 Nb6 14. Bxb6 Qxb6+
15. Kh1 O-O 16. c4 Rfc8 17. Qd2 bxc4 18. Bxc4 a5 19. Na1 Nd7 20. b3 h6 21. Qe2
Bg5 22. Rcd1 Rc7 23. g3 Nc5 24. f4 exf4 25. gxf4 Bf6 26. Nc2 Re7 27. Qg4 Ne4
28. Qg2 Rae8 29. Qg1 Qxg1+ 30. Kxg1 Nc3 31. Rd2 Ne2+ 32. Kg2 Re4 33. Bxe2 Rxe2+
34. Rf2 1/2-1/2

[Event "13sen.WMH 2003 Senioren"]
[Site "Bad Zwischenahn(17.11.-29.11.2003)"]
[Date "2003.??.??"]
[Round "2.52"]
[White "Hoeschele, Hans-Ulrich"]
[Black "Rubinstein, Mark"]
[Result "1-0"]
[WhiteElo "2165"]
[BlackElo "2020"]
[PlyCount "72"]


1. d4 d5 2. Nf3 Nf6 3. c4 e6 4. e3 Be7 5. Nc3 b6 6. cxd5 exd5 7. Bd3 h6 8. O-O
Be6 9. b3 c6 10. Bb2 Nbd7 11. Rc1 Rc8 12. Qe2 b5 13. Ne5 Nxe5 14. dxe5 Nd7 15.
f4 f5 16. Qh5+ Bf7 17. Qxf5 Nc5 18. Bb1 h5 19. Ne2 Rh6 20. Bd4 Ne4 21. Qh3 c5
22. Ba1 g5 23. fxg5 Nxg5 24. Qg3 h4 25. Qf4 Be6 26. Bf5 Qd7 27. Qg4 Kd8 28. Bc3
Kc7 29. Bxe6 Qxe6 30. Qxe6 Nxe6 31. Rf7 Re8 32. Nf4 Kc6 33. Bd2 a6 34. Nxd5 Bg5
35. Nf4 Nd8 36. Rg7 Rxe5 1-0

[Event "13sen.WMH 2003 Senioren"]
[Site "Bad Zwischenahn(17.11.-29.11.2003)"]
[Date "2003.11.29"]
[Round "2.53"]
[White "Fischer, Paul[37Hiltrup]"]
[Black "Ballon, Guenther Jan"]
[Result "0-1"]
[WhiteElo "1745"]
[BlackElo "2156"]
[PlyCount "86"]


1. Nc3 Nf6 2. e4 e5 3. Bc4 c6 4. d3 b5 5. Bb3 Bc5 6. Nf3 d6 7. Bg5 h6 8. Bh4
O-O 9. Qd2 a5 10. a3 Qe7 11. O-O Bg4 12. d4 exd4 13. Nxd4 Qe5 14. Bxf6 Qxf6 15.
Nde2 a4 16. Ba2 Re8 17. Nf4 b4 18. axb4 Bxb4 19. Qe3 d5 20. Qg3 Bxc3 21. bxc3
Be6 22. exd5 cxd5 23. Nxd5 Bxd5 24. Bxd5 Ra5 25. c4 Na6 26. Qf3 Qxf3 27. Bxf3
a3 28. Rfb1 a2 29. Rc1 Rb8 30. h4 Rb2 31. Rd1 Nb4 32. Be4 g6 33. c3 Nc2 34.
Bxc2 Rxc2 35. Kh2 Rxf2 36. Kg3 Rc2 37. Rd3 Kg7 38. Kf3 Rb2 39. Rdd1 Ra3 40.
Rdc1 Rab3 41. c5 Rb1 42. Ke4 Rxc1 43. Rxc1 Rb1 0-1

[Event "13sen.WMH 2003 Senioren"]
[Site "Bad Zwischenahn(17.11.-29.11.2003)"]
[Date "2003.11.29"]
[Round "2.54"]
[White "Winiwarter, Felix,Dr."]
[Black "Roth, Reinhard"]
[Result "1-0"]
[WhiteElo "2244"]
[BlackElo "1827"]
[PlyCount "73"]


1. e4 e5 2. Nf3 Nc6 3. Bb5 Bc5 4. c3 Nf6 5. d4 Bb6 6. O-O exd4 7. e5 Nd5 8.
cxd4 O-O 9. Bg5 Nce7 10. Bc4 c6 11. Bxd5 cxd5 12. Nc3 h6 13. Bxe7 Qxe7 14. Nxd5
Qe6 15. Qb3 Bd8 16. Nd2 Qg4 17. f4 d6 18. Nc4 b6 19. Nxd6 Be6 20. Rad1 a5 21.
f5 a4 22. Qc4 b5 23. Qc6 Bxd5 24. Qxd5 Bb6 25. Nxf7 Kh7 26. e6 Qh4 27. Qd6 Rab8
28. Qf4 Qf6 29. Ne5 Rb7 30. Qe4 Rc7 31. Kh1 Kg8 32. d5 Rfc8 33. d6 Rc4 34. d7
R8c5 35. Qa8+ Bd8 36. Ng6 Rh4 37. e7 1-0

[Event "13sen.WMH 2003 Senioren"]
[Site "Bad Zwischenahn(17.11.-29.11.2003)"]
[Date "2003.11.29"]
[Round "2.55"]
[White "Weller, Friedhelm"]
[Black "Schlag, Franz"]
[Result "0-1"]
[WhiteElo "1704"]
[BlackElo "1976"]
[PlyCount "108"]


1. e4 e5 2. Nc3 Nf6 3. Bc4 Bc5 4. Nf3 d6 5. h3 O-O 6. O-O h6 7. d3 a6 8. a3 b5
9. Bb3 Nc6 10. Nd5 Be6 11. c4 Nd4 12. Nxd4 Bxd4 13. Qe2 c6 14. Ne3 Qd7 15. Kh2
Rab8 16. Rb1 bxc4 17. Bxc4 Bxc4 18. Nxc4 Rfe8 19. Be3 d5 20. Bxd4 dxc4 21. Bc3
Qxd3 22. Qxd3 cxd3 23. f3 c5 24. Rbd1 c4 25. g3 Nd7 26. Kg2 f6 27. Kf2 Rb3 28.
Rd2 Nc5 29. Ke3 Na4 30. Rc1 Nxc3 31. bxc3 Reb8 32. f4 Rb2 33. Rdd1 R8b3 34. a4
Re2+ 35. Kf3 Rbb2 36. Rf1 a5 37. Rb1 Kf7 38. fxe5 fxe5 39. Rxb2 Rxb2 40. Kg4+
Ke6 41. Rf8 Rb3 42. Rd8 Rxc3 43. Rd5 Ra3 44. Kf3 Rxa4 45. Ke3 Ra2 46. Rc5 Re2+
47. Kf3 Rc2 48. Ke3 a4 49. Ra5 Re2+ 50. Kf3 c3 51. Rxa4 c2 52. Ra6+ Kd7 53. Ra1
d2 54. Kxe2 c1=Q 0-1